000 00717 a2200205 4500
005 20171002075757.0
008 171002s2012 ck |||||r|||| 00| 0 spa d
020 _a9789584610003
040 _aCO-BoUCM
_bspa
_cSandra Palacio
_dSandra Palacio
041 0 _aspa
100 1 _aRodríguez V., Manuel Guillermo
_947630
245 1 3 _aEl pie izquierdo
_bde la filosofía política occidental
_cManuel Guillermo Rodríguez V.
260 _bUtopia Textos
_aPopayán (Colombia)
_c2012
300 _a336 páginas
650 1 7 _915841
_aFilosofía política
650 2 7 _9340
_aCiencia política
650 2 7 _920188
_aNeoliberalismo
942 _cLIBRO
_2DEWEY
_a6
_e1
_h320.1
_mR696pi
999 _c307356
_d307356